000 00459nam a2200169Ia 4500
008 230718s9999 xx 000 0 und d
020 _a9788129137531
041 _aeng
082 _a332.4
_bLAW
100 _aLaw V.
_9200025
245 _aThe Money Book
_bYour Money's Best Friend
260 _c2016
_bRupa Publications
300 _a194
365 _cRs.
_b395.00
700 _aLaw V.
_9200025
906 _dO:0551504-May-2017B:314513-Apr-2017
_cGENRL
_b86.9
999 _c344578
_d344578